| 000 | 00838cam a22002295a 4500 | ||
|---|---|---|---|
| 001 | L159298 | ||
| 008 | 160519s2016 xxk f 000 0 eng d | ||
| 020 | _a9781315040523 | ||
| 035 | _a(Sirsi) u159298 | ||
| 041 | 0 | _aeng | |
| 100 | 1 | _aMunro, Bruce | |
| 245 | 0 | 0 |
_aEnglish houses _h[electronic resource] |
| 260 |
_aLondon _bTaylor & Francis _c2004 |
||
| 520 | _aShows different architectural styles in the development of the construction of English houses. Includes examples of houses that have been altered by several generations and in different periods of history. | ||
| 590 | _aKA | ||
| 650 | 2 | 4 | _aDATING HOUSES |
| 650 | 2 | 4 | _aAGE |
| 651 | 4 |
_aUnited Kingdom _y |
|
| 690 |
_aResidential property _96266 |
||
| 856 | 4 | 0 |
_uhttps://www.vlebooks.com/ _zView on VLEbooks. Logins for members only from [email protected] |
| 942 | _n0 | ||
| 999 |
_c115787 _d115787 |
||